000 00351 a2200157 4500
001 164251
020 _a85-10-00799-3
040 _cMagnum
100 _aCasasanta, Therezinha
240 1 0 _aUm cachorrinho para kakau
_lpor
245 1 0 _aUm cachorrinho para kakau
300 _a24
362 0 _a2005
697 _aLITERATURA INFANTIL
942 _cBK
999 _c164251
_d164251